| 000 | 00895nam a2200253Ia 4500 | ||
|---|---|---|---|
| 003 | OSt | ||
| 005 | 20220923222133.0 | ||
| 006 | a|||||r|||| 00| 0 | ||
| 007 | ta | ||
| 008 | 220922b |||||||| |||| 00| 0 ben d | ||
| 024 | _a203,304 | ||
| 037 | _cTextual | ||
| 040 |
_aARTS _cARTS _bben |
||
| 041 |
_2ben _aben |
||
| 082 | _aO157,3N10,PR, 152N0 | ||
| 100 |
_aआशापूर्णा, देवी; खरे, ममता, अनु. _9166080 |
||
| 245 | 0 | _aप्रारब्ध | |
| 246 | _aPrārabdha | ||
| 260 |
_aनई दिल्ली _b भारतीय ज्ञानपीठ प्रकाशन _c1990 |
||
| 300 |
_a353पृ0 _ccm. |
||
| 650 | _aबंगाली कहानी | ||
| 942 |
_hO157,3N10,PR, 152N0 _cTEXL _2CC |
||
| 999 |
_c354056 _d354056 |
||